000 00852nam a2200289Ia 4500
001 F3484
003 IT-RoPAU
008 130308s9999 xx 000 0 und d
040 _aIT-RoPAU
040 _cIT-RoPAU
041 _aITALIANO
100 _aHaneke Michael
100 _gCodice Aut. SPICS: 51006
245 _a"Terrore e utopia della forma: ""Au hasard Balthazar"" di Robert Bresson"
245 _bCaso e la Necessita' (Il). Il Cinema di Robert Bresson
250 _a1a ed.
260 _aTORINO
260 _bLindau
260 _c1998 [1° Ed.:1998 - Ed.Ling.Originale:1998]
300 _a"12 p. (prefazione: no ; testo: 12 [pagine: 105-116])"
500 _aRiflessioni Sul Cinema di Robert Bresson.
650 _aAUTORI/OPERE DEL CINEMA
650 _eCodice materia Spics: 6807
942 _cBK
957 _71
999 _c83205
_d83205
999 _g1